Statistiques concernant Capitales Océanie

Cliquez ici pour prendre le quiz!

Statistiques générales

  • Ce quiz a été pris 35 fois
  • Le résultat moyen est 10 sur 25

Statistiques - réponses

HintRéponse% Correct
Nouvelle-ZélandeWellington
93%
AustralieCanberra
89%
Papouasie-Nouvelle-GuinéePort Moresby
68%
VanuatuPort-Vila
68%
TongaNuku'alofa
64%
FidjiSuva
64%
SomoaApia
61%
Nouvelle CalédonieNouméa
61%
TuvaluFunafuti
57%
HawaïHonolulu
57%
MicronésiePalikir
57%
Polynésie FrançaisePapeete
57%
Iles SalomonHoniara
54%
NauruYaren
54%
KiribatiTarawa-Sud
46%
PalaosMelekeok
25%
NiueAlofi
11%
Iles CookAvarua
11%
Iles MarshallDelap-Uliga-Darrit
11%
Wallis et FutunaMata Utu
7%
PitcairnAdamstown
4%
TokelauAtafu
4%
PâquesHanga Roa
4%
Samoa américainesPago Pago
4%
Mariannes du Nord + île de GuamSaipan
4%

Distribution des résultats

Percentile par nombre de réponses

% des personnes avec chaque résultat

Votre développement - résultats

Vous n’avez pas pris ce quiz